| 000 | 00431nam a2200181Ia 4500 | ||
|---|---|---|---|
| 008 | 210210b1964 xxu||||| |||| 00| 0 eng d | ||
| 041 | _aeng | ||
| 082 | _a331/140 | ||
| 100 | _aMEIER (G M) | ||
| 245 | _aInternational trade and development | ||
| 260 |
_aLondon _bHarper International _c1964 |
||
| 650 | _atrade | ||
| 650 | _aInternational | ||
| 650 | _adevelopment | ||
| 650 | _aand | ||
| 690 | _aBanking | ||
| 906 | _a004042 | ||
| 999 |
_c122476 _d122476 |
||